[Event "AUTO-OPEN-2897"]
[Site "http://www.queenalice.com/game.php?id=1144103"]
[Date "2013.1.23"]
[Round "1"]
[White "KobeB"]
[Black "kykobr"]
[Result "0-1"]
[WhiteElo "1711"]
[BlackElo "1432"]

1. e4 c6 2. d3 d5 3. Nd2 dxe4 4. Nxe4 Bf5 5. Bf4 e6 6. Nf3 Bb4+ 7. c3 Ba5 8.
Nd6+ Ke7 9. Nxb7 Qb6 10. Nxa5 Qxa5 11. b4 Qb6 12. Be2 Nf6 13. a4 Nbd7 14. a5 Qd8
15. O-O Re8 16. Nd4 e5 17. Nxc6+ Kf8 18. Nxd8 Rexd8 19. Bg5 h6 20. Bxf6 Nxf6 21.
d4 exd4 22. cxd4 a6 23. Bf3 Rab8 24. Qd2 Nd5 25. Bxd5 Rxd5 26. Qf4 Rxb4 0-1

[Event "AUTO-OPEN-2897"]
[Site "http://www.queenalice.com/game.php?id=1144104"]
[Date "2013.1.23"]
[Round "1"]
[White "kykobr"]
[Black "KobeB"]
[Result "0-1"]
[WhiteElo "1229"]
[BlackElo "1858"]

1. d4 d5 2. Nc3 Nf6 3. Bg5 h6 4. Bxf6 exf6 5. e3 Bb4 6. Ne2 O-O 7. g3 Bg4 8. Bg2
Bxc3+ 9. bxc3 c6 10. O-O g5 11. f3 Bd7 12. g4 Qe7 13. Qd3 Re8 14. Ng3 Qxe3+ 15.
Qxe3 Rxe3 16. Nh5 Rxc3 17. Nxf6+ Kg7 18. Nxd7 Nxd7 19. Rac1 Re8 20. f4 Re2 21.
Rf2 Rxf2 22. f5 Rfxc2 0-1

[Event "AUTO-OPEN-2897"]
[Site "http://www.queenalice.com/game.php?id=1144107"]
[Date "2013.1.23"]
[Round "1"]
[White "KobeB"]
[Black "ACamargo"]
[Result "0-1"]
[WhiteElo "1741"]
[BlackElo "1739"]

1. e4 e5 2. Nf3 d6 3. d4 exd4 4. Qxd4 a6 5. Bc4 h6 6. O-O Nc6 7. Qe3 Ne5 8. Nxe5
dxe5 9. Qf3 Nf6 10. Rd1 Bd6 11. h3 O-O 12. Qg3 Nxe4 13. Qg6 Ng5 14. h4 Nh3+ 15.
gxh3 Qxh4 16. Rd3 Be7 17. Rg3 Bg5 18. Bxg5 hxg5 19. Rxg5 Qh7 20. Qxh7+ Kxh7 21.
Rxe5 c6 22. Re7 f6 23. Be6 Bxe6 24. Rxe6 g5 25. Re7+ Kg6 26. Rxb7 Rfe8 0-1

[Event "AUTO-OPEN-2897"]
[Site "http://www.queenalice.com/game.php?id=1144108"]
[Date "2013.1.23"]
[Round "1"]
[White "ACamargo"]
[Black "KobeB"]
[Result "1-0"]
[WhiteElo "1558"]
[BlackElo "1887"]

1. d4 d5 2. c4 e6 3. Nc3 c6 4. a4 Bb4 5. e3 Bxc3+ 6. bxc3 Nf6 7. Ba3 a5 8. Nf3
Nbd7 9. c5 b6 10. cxb6 Nxb6 11. Ne5 Bd7 12. Bd3 Ne4 13. Bxe4 dxe4 14. Qg4 g6 15.
Bc5 f5 16. Qg3 Nd5 17. Rc1 Rb8 18. Nxd7 Qxd7 19. Qxb8+ 1-0

[Event "AUTO-ADV-2737"]
[Site "http://www.queenalice.com/game.php?id=1144249"]
[Date "2013.1.23"]
[Round "1"]
[White "Greeley"]
[Black "KobeB"]
[Result "1-0"]
[WhiteElo "1920"]
[BlackElo "1891"]

1. Nf3 c5 2. g3 Nc6 3. Bg2 g6 4. d4 cxd4 5. Nxd4 Nxd4 6. Qxd4 Nf6 7. O-O Bg7 8.
Qb4 Qc7 9. Nc3 a6 10. a4 d6 11. Be3 O-O 12. Bb6 Qd7 13. e4 e6 14. Rad1 Ne8 15.
Rd3 Bxc3 16. Rxc3 d5 17. Bc5 Nd6 18. Bxd6 Rd8 19. e5 a5 20. Qh4 Re8 21. Rc7 Qd8
22. Qf4 Bd7 23. Rxb7 Kg7 24. Qf6+ 1-0

[Event "AUTO-ADV-2737"]
[Site "http://www.queenalice.com/game.php?id=1144250"]
[Date "2013.1.23"]
[Round "1"]
[White "KobeB"]
[Black "Greeley"]
[Result "0-1"]
[WhiteElo "1749"]
[BlackElo "1939"]

1. e4 Nh6 2. Nf3 f6 3. Bc4 Nf7 4. Bxf7+ Kxf7 5. O-O e6 6. d4 c5 7. Nc3 cxd4 8.
Qxd4 Nc6 9. Qe3 b6 10. e5 Bc5 11. Qe2 Bb7 12. exf6 gxf6 13. Nh4 h5 14. Ne4 Be7
15. Rd1 d5 16. Ng3 f5 17. Nf3 a5 18. Bf4 Ba6 19. Ne5+ Nxe5 20. Qxe5 Bf6 21. Qc7+
Qxc7 22. Bxc7 Rac8 23. Bxb6 Rxc2 24. Bxa5 Bxb2 25. Rab1 Bc4 26. Rd2 Rc1+ 27.
Rxc1 Bxc1 28. Rc2 Ba3 29. Rc3 Bb2 30. Rc2 Bf6 31. Bb4 h4 32. Ne2 e5 33. a4 f4
0-1

[Event "AUTO-ADV-2737"]
[Site "http://www.queenalice.com/game.php?id=1144265"]
[Date "2013.1.23"]
[Round "1"]
[White "Lopesq"]
[Black "KobeB"]
[Result "1-0"]
[WhiteElo "1796"]
[BlackElo "1822"]

1. d4 d5 2. Nf3 Nc6 3. c3 Bg4 4. Nbd2 e6 5. h3 Bxf3 6. Nxf3 Be7 7. e3 Nf6 8. Bb5
O-O 9. Bxc6 bxc6 10. Ne5 c5 11. Nc6 Qd7 12. Nxe7+ Qxe7 13. dxc5 Qxc5 14. O-O a5
15. a4 Ne4 16. Qg4 f5 17. Qe2 g5 18. Rd1 Rf6 19. Qh5 h6 20. Qe2 f4 21. f3 Ng3
22. Kh2 Nxe2 23. exf4 1-0

[Event "AUTO-ADV-2737"]
[Site "http://www.queenalice.com/game.php?id=1144266"]
[Date "2013.1.23"]
[Round "1"]
[White "KobeB"]
[Black "Lopesq"]
[Result "0-1"]
[WhiteElo "1840"]
[BlackElo "1778"]

1. e4 c5 2. Nf3 Nc6 3. Bb5 Nd4 4. Nxd4 cxd4 5. O-O a6 6. Bd3 e5 7. c3 Be7 8. f4
d6 9. fxe5 dxe5 10. Qh5 Nf6 11. Qxe5 dxc3 12. Bc2 Qb6+ 13. Kh1 cxd2 14. Bxd2 Be6
15. Ba4+ Kf8 16. Bc3 Rd8 17. Ba5 Qd6 18. Qc3 Rc8 19. e5 Rxc3 20. exd6 Rc4 21.
dxe7+ Kxe7 22. Bb3 Rcc8 23. Bxe6 fxe6 24. Nc3 Kf7 25. Ne4 Rc6 26. Nxf6 gxf6 27.
Bc3 f5 28. Bxh8 h5 29. Rad1 Rc7 30. Rd3 Re7 31. Rfd1 b5 0-1

[Event "AUTO-ADV-2737"]
[Site "http://www.queenalice.com/game.php?id=1144277"]
[Date "2013.1.23"]
[Round "1"]
[White "KobeB"]
[Black "pacou93"]
[Result "1-0"]
[WhiteElo "1876"]
[BlackElo "1757"]

1. e4 e5 2. Nf3 d5 3. exd5 Bd6 4. Bb5+ Bd7 5. Bxd7+ Nxd7 6. O-O Ngf6 7. c4 O-O
8. d3 h6 9. a3 e4 10. dxe4 Nxe4 11. Re1 Ndf6 12. Qc2 Bc5 13. Rxe4 Nxe4 14. Qxe4
Qf6 15. Nc3 Rfe8 16. Qg4 Rad8 17. Ne4 Bxf2+ 18. Kxf2 1-0

[Event "AUTO-ADV-2737"]
[Site "http://www.queenalice.com/game.php?id=1144278"]
[Date "2013.1.23"]
[Round "1"]
[White "pacou93"]
[Black "KobeB"]
[Result "1-0"]
[WhiteElo "1772"]
[BlackElo "1860"]

1. e4 e5 2. Bc4 c6 3. Nc3 Nf6 4. d3 d5 5. Bb3 dxe4 6. dxe4 Qxd1+ 7. Nxd1 Nxe4 8.
Nf3 f6 9. h3 Nd7 10. O-O Ndc5 11. Ne3 Be6 12. Bxe6 Nxe6 13. b3 O-O-O 14. Bb2 g5
15. Rad1 h5 16. Rxd8+ Kxd8 17. Rd1+ Kc7 18. Nf5 g4 19. hxg4 hxg4 20. Nh2 1-0

[Event "AUTO-OPEN-2898"]
[Site "http://www.queenalice.com/game.php?id=1144551"]
[Date "2013.1.24"]
[Round "1"]
[White "jnable"]
[Black "KobeB"]
[Result "1-0"]
[WhiteElo "2059"]
[BlackElo "1753"]

1. e4 e5 2. Nf3 Nc6 3. d4 exd4 4. Nxd4 Bc5 5. Nxc6 bxc6 6. c4 Qh4 7. Qf3 Nf6 8.
Nc3 Bd4 9. Bd2 Bxc3 10. Bxc3 Qxe4+ 11. Qxe4+ Nxe4 12. Bxg7 Rg8 13. Bd4 c5 14.
Be3 d6 15. f3 Nf6 16. Kf2 a5 17. Bd3 Be6 18. Rhe1 a4 19. Reb1 c6 20. b3 axb3 21.
Rxb3 Nd7 22. a4 d5 23. cxd5 1-0

[Event "AUTO-OPEN-2898"]
[Site "http://www.queenalice.com/game.php?id=1144552"]
[Date "2013.1.24"]
[Round "1"]
[White "KobeB"]
[Black "jnable"]
[Result "0-1"]
[WhiteElo "1757"]
[BlackElo "2055"]

1. e4 c6 2. d3 d5 3. Nd2 dxe4 4. Nxe4 e5 5. Bd2 Bf5 6. Qf3 Bg6 7. O-O-O Be7 8.
a3 f5 9. Nc3 Nf6 10. Re1 Nbd7 11. g3 O-O 12. Bh3 Qa5 13. Bxf5 Bf7 14. Bxd7 Nxd7
15. Qe3 Qb6 16. f4 Qxe3 17. Bxe3 Bd6 18. fxe5 Nxe5 19. Bf4 Rfe8 20. Bxe5 Rxe5
21. Nf3 Re7 0-1

[Event "Challenge"]
[Site "http://www.queenalice.com/game.php?id=1149410"]
[Date "2013.2.7"]
[Round "-"]
[White "ki2013"]
[Black "KobeB"]
[Result "1-0"]
[WhiteElo "1370"]
[BlackElo "1805"]

1. e4 e5 2. Nf3 Nc6 3. Bc4 Bc5 4. Nc3 Nf6 5. h3 O-O 6. d3 Na5 7. Nxe5 Nxc4 8.
Nxc4 d5 9. d4 dxc4 10. dxc5 Qxd1+ 11. Nxd1 Nxe4 12. Bf4 Nxc5 13. O-O c6 14. Ne3
Be6 15. Bd6 Ne4 16. Bxf8 Kxf8 17. c3 b5 18. Rad1 a5 19. a3 c5 20. f3 Nf6 21. Rd2
b4 22. axb4 cxb4 23. cxb4 axb4 24. Rfd1 g6 25. Rd8+ Rxd8 26. Rxd8+ Ke7 27. Rb8
b3 28. Rb4 Nd5 29. Nxd5+ Bxd5 30. Kf2 h5 31. h4 Ke6 32. Ke3 Ke5 33. g3 Be6 34.
Rb5+ 1-0